Blast Mitigation Experimental and Numerical Studies /

Blast Mitigation: Experimental and Numerical Studies covers both experimental and numerical aspects of material and structural response to dynamic blast loads and its mitigation. The authors present the most up-to-date understanding from laboratory studies and computational analysis for researchers...

Full description

Bibliographic Details
Corporate Author: SpringerLink (Online service)
Other Authors: Shukla, Arun (Editor), Rajapakse, Yapa D. S. (Editor), Hynes, Mary Ellen (Editor)
Format: Electronic eBook
Language:English
Published: New York, NY : Springer New York : Imprint: Springer, 2014.
Subjects:
Online Access:Full Text via HEAL-Link
LEADER 04207nam a22005415i 4500
001 978-1-4614-7267-4
003 DE-He213
005 20151218062032.0
007 cr nn 008mamaa
008 130706s2014 xxu| s |||| 0|eng d
020 |a 9781461472674  |9 978-1-4614-7267-4 
024 7 |a 10.1007/978-1-4614-7267-4  |2 doi 
040 |d GrThAP 
050 4 |a TA349-359 
072 7 |a TGMD  |2 bicssc 
072 7 |a TEC009070  |2 bisacsh 
072 7 |a SCI041000  |2 bisacsh 
082 0 4 |a 620.1  |2 23 
245 1 0 |a Blast Mitigation  |h [electronic resource] :  |b Experimental and Numerical Studies /  |c edited by Arun Shukla, Yapa D. S. Rajapakse, Mary Ellen Hynes. 
264 1 |a New York, NY :  |b Springer New York :  |b Imprint: Springer,  |c 2014. 
300 |a VIII, 364 p.  |b online resource. 
336 |a text  |b txt  |2 rdacontent 
337 |a computer  |b c  |2 rdamedia 
338 |a online resource  |b cr  |2 rdacarrier 
347 |a text file  |b PDF  |2 rda 
505 0 |a Experimental Investigation of Blast Mitigation for Target Protection -- Application of High Performance Computing to Rapid Assessment of Tunnel Vulnerability to Explosive Blast and Mitigation Strategies -- Numerical Analysis of the Response of Biomimetic Cellular Materials under Static and Dynamic Loadings -- Experimental and Theoretical Studies of Fiber-reinforced Composite Panels Subjected to Underwater Blast Loading -- Underwater Explosive Response of Submerged, Air-backed Composite Materials: Experimental and Computational Studies -- Underwater Implosion Mechanics:  Experimental and Computational Overview -- Dynamic Buckling and Fluid-Structure Interaction of Submerged Tubular Structures -- The Use of Tubular Structures as Cores for Sandwich Panels Subjected to Dynamic and Blast loading – a Current “State of the Art” -- Mitigation of Loading on Personnel in Light Armored Vehicles using Small Model Testing -- Blast Response of Sandwich Composites: Effect of Core Gradation, Pre-Loading and Temperature -- Progressive Collapse Resistance of Reinforced Concrete Structures. 
520 |a Blast Mitigation: Experimental and Numerical Studies covers both experimental and numerical aspects of material and structural response to dynamic blast loads and its mitigation. The authors present the most up-to-date understanding from laboratory studies and computational analysis for researchers working in the field of blast loadings and their effect on material and structural failure,  develop designs for  lighter and highly efficient structural members for blast energy absorption, discuss vulnerability of underground structures, present methods for dampening blast overpressures, discuss structural post blast collapse and give attention to underwater explosion and implosion effects on submerged infrastructure and mitigation measures for this environment. This book also: Presents experimental methods of material and structural response to dynamic blast loads Includes computational analysis of material and structural response to dynamic blast loads Offers mitigation measures for structures in various environments Relates lab experiments to larger field tests Features more than 150 illustrations Blast Mitigation: Experimental and Numerical Studies is an ideal book for graduate students, practicing engineers and researchers working in the field of blast mitigation. 
650 0 |a Engineering. 
650 0 |a System safety. 
650 0 |a Applied mathematics. 
650 0 |a Engineering mathematics. 
650 0 |a Mechanics. 
650 0 |a Mechanics, Applied. 
650 0 |a Structural materials. 
650 1 4 |a Engineering. 
650 2 4 |a Theoretical and Applied Mechanics. 
650 2 4 |a Appl.Mathematics/Computational Methods of Engineering. 
650 2 4 |a Structural Materials. 
650 2 4 |a Security Science and Technology. 
700 1 |a Shukla, Arun.  |e editor. 
700 1 |a Rajapakse, Yapa D. S.  |e editor. 
700 1 |a Hynes, Mary Ellen.  |e editor. 
710 2 |a SpringerLink (Online service) 
773 0 |t Springer eBooks 
776 0 8 |i Printed edition:  |z 9781461472667 
856 4 0 |u http://dx.doi.org/10.1007/978-1-4614-7267-4  |z Full Text via HEAL-Link 
912 |a ZDB-2-ENG 
950 |a Engineering (Springer-11647)